UBT Library

Biology life on earth: (Record no. 2349)

000 -LEADER
fixed length control field 00316nam a22001217a 4500
008 - FIXED-LENGTH DATA ELEMENTS--GENERAL INFORMATION
fixed length control field 160521b xxu||||| |||| 00| 0 eng d
020 ## - INTERNATIONAL STANDARD BOOK NUMBER
International Standard Book Number 9780131467606
020 ## - INTERNATIONAL STANDARD BOOK NUMBER
International Standard Book Number 0131467603
041 ## - LANGUAGE CODE
Language code of text/sound track or separate title eng
080 ## - UNIVERSAL DECIMAL CLASSIFICATION NUMBER
Universal Decimal Classification number 579
245 ## - TITLE STATEMENT
Title Biology life on earth:
Statement of responsibility, etc Teresa Audesirk; Gerald Audesirk;Bruce E. Byers;
942 ## - ADDED ENTRY ELEMENTS (KOHA)
Source of classification or shelving scheme
Item type Books
Holdings
Withdrawn status Lost status Source of classification or shelving scheme Damaged status Not for loan Collection code Permanent location Current location Shelving location Date acquired Total Checkouts Full call number Barcode Date last seen Price effective from Koha item type
          Koleksioni i përgjithshem UBT - Lipjan UBT - Lipjan Koleksioni Referal 05/21/2016   579 AUD 002-035691 05/21/2016 05/21/2016 Books
UBT Library © 2015-2024. All rights reserved University Education for Business and Technology